00273nam a22001217a 4500020000800000040001600008082001700024100002000041245004600061250001200107260001900119300001300138 qPB. cFIZZA ISHAQ a005.133bJON aKANERVA, JONNI. aTHE JAVA FAQ /cJONNI KANERVA.  a1st ED. bWESLEY,c1997. a324 P. ;